Racewalkers Quiz Stats

 Plays Quiz not verified by Sporcle

Score 0/20 Timer 06:00
0 Plays Today
BB/PA Player % Correct
25.3% HitterCharles Xavier
87.5%
19.0% PitcherCATS
87.5%
19.0% HitterIveta Radicova
50%
15.9% PitcherVoltaire
50%
14.3% PitcherMarisa Miller
50%
19.2% HitterLars Lokke Rasmussen
37.5%
17.2% HitterSamantha
37.5%
18.9% HitterAndrus Ansip
25%
15.2% PitcherDavid Ruprecht
25%
14.3% PitcherCyrus McCormick
25%
BB/PA Player % Correct
20.3% HitterSteve Rogers
12.5%
20.3% HitterElisha Otis
12.5%
18.7% HitterEasley Blackwood
12.5%
18.1% PitcherLinus Pauling
12.5%
14.4% PitcherBarack Obama
12.5%
14.2% PitcherAnibal Cavaco Silva
12.5%
22.4% HitterRobert Fico
0%
22.3% HitterEric the Unready
0%
15.0% PitcherTori Amos
0%
14.5% PitcherJoel Bats
0%

You're not logged in!

Compare scores with friends on all Sporcle quizzes.
OR
Log In

Show Comments

Extras

Top Quizzes Today


Score Distribution

Your Account Isn't Verified!

In order to create a playlist on Sporcle, you need to verify the email address you used during registration. Go to your Sporcle Settings to finish the process.

Report this User

Report this user for behavior that violates our Community Guidelines.

Details: